000 00334 a2200157 4500
001 75470
020 _a9788577151295
040 _cAnchieta - Colégio São Paulo
100 _aNoto, Carolina
240 1 0 _aMicromegas
_lpor
245 1 0 _aMicromegas
300 _a
362 0 _a2011
650 4 _aLiteratura juvenil
942 _cBK
999 _c75470
_d75470